Sistemas de signos en la comunicación visual / (Record no. 11967)

MARC details
000 -CABECERA
campo de control de longitud fija 00737nam a2200217 4500
003 - IDENTIFICADOR DEL NÚMERO DE CONTROL
campo de control OSt
005 - FECHA Y HORA DE LA ÚLTIMA TRANSACCIÓN
campo de control 20260530113906.0
008 - DATOS DE LONGITUD FIJA--INFORMACIÓN GENERAL
campo de control de longitud fija 260420b1979 sp a|||| |||| 00| 0 spa d
020 ## - NÚMERO INTERNACIONAL ESTÁNDAR DEL LIBRO
Número Internacional Estándar del Libro 8425209528
040 ## - FUENTE DE LA CATALOGACIÓN
Centro catalogador/agencia de origen ICI
Lengua de catalogación spa
Centro/agencia transcriptor ICI
050 ## - SIGNATURA TOPOGRÁFICA DE LA BIBLIOTECA DEL CONGRESO
Número de clasificación P91
Número de documento/Ítem A52
100 1# - ENTRADA PRINCIPAL--NOMBRE DE PERSONA
Nombre de persona Aicher, Otl,
Fechas asociadas al nombre 1922-1991,
9 (RLIN) 32852
245 10 - MENCIÓN DE TÍTULO
Título Sistemas de signos en la comunicación visual /
Mención de responsabilidad, etc. Otl Aicher, Martin Krampen versión castellana de Reinald Bernet y Erundina Vilaplana
264 #1 - PRODUCCIÓN, PUBLICACIÓN, DISTRIBUCIÓN, FABRICACIÓN Y COPYRIGHT
Nombre del de productor, editor, distribuidor, fabricante Gustavo Gili,
Fecha de producción, publicación, distribución, fabricación o copyright 1979
Producción, publicación, distribución, fabricación y copyright Barcelona :
300 ## - DESCRIPCIÓN FÍSICA
Extensión 155 páginas
Otras características físicas ilustraciones, planos
Dimensiones 30 cm.
336 ## - TIPO DE CONTENIDO
Término de tipo de contenido texto
Fuente rdacontent
337 ## - TIPO DE MEDIO
Nombre/término del tipo de medio sin medio
Fuente rdamedia
338 ## - TIPO DE SOPORTE
Nombre/término del tipo de soporte volumen
Fuente rdacarrier
650 4# - PUNTO DE ACCESO ADICIONAL DE MATERIA--TÉRMINO DE MATERIA
Término de materia o nombre geográfico como elemento de entrada Comunicación
Subdivisión general Auxiliares audiovisuales
9 (RLIN) 32853
942 ## - ELEMENTOS DE PUNTO DE ACCESO ADICIONAL (KOHA)
Fuente del sistema de clasificación o colocación Library of Congress Classification
Tipo de ítem Koha

No items available.